| 000 | 00627nam a2200229Ia 4500 | ||
|---|---|---|---|
| 003 | OSt | ||
| 005 | 20220924114148.0 | ||
| 006 | a|||||r|||| 00| 0 | ||
| 007 | ta | ||
| 008 | 220923b |||||||| |||| 00| 0 snd d | ||
| 024 | _a343756 | ||
| 037 | _cTextual | ||
| 040 |
_aARTS _cARTS _bsnd |
||
| 041 |
_2snd _asnd |
||
| 082 | _aP44, 1593H5 | ||
| 100 |
_aKhan Mohammad Ajmal Au. _9172166 |
||
| 245 | 0 | _aBuniyadi Hindustani | |
| 260 |
_aAllahabad _bHindustani academy India _c1945 |
||
| 650 | _aINDIAN LANGUAGES | ||
| 942 |
_hP44, 1593H5 _cTEXL _2CC |
||
| 999 |
_c392215 _d392215 |
||